000 00299 a2200157 4500
001 160945
020 _a
040 _cMagnum
100 _aLima, Edy
240 1 0 _aMagitronica
_lpor
245 1 0 _aMagitronica
362 0 _a1899
440 1 _aMelhoramentos
697 _aIJ/GERAL
942 _cBK
999 _c160945
_d160945